Metodika tvorby stopkových nástrojov v systéme NUMROTO Plus

Uložené v:
Podrobná bibliografia
Hlavný autor: Tóth, Andrej (Autor)
Ďalší autori: Buranský, Ivan (Vedúci práce)
Médium: Rukopis Kniha
Jazyk:Slovak
Vydavateľské údaje: 2016
Predmet:
On-line prístup:http://is.stuba.sk/zp/portal_zp.pl?podrobnosti=120964
Tagy: Pridať tag
Žiadne tagy, Buďte prvý, kto otaguje tento záznam!

MARC

LEADER 00000ntm a22000003a 4500
001 stuzp51068
003 SK-STU
005 20160719153738.3
007 ta
008 150427s2015----xo-----f-mn---000-0-slo-d
040 |a STU  |b slo 
041 0 |a slo 
100 1 |a Tóth, Andrej  |u 063000  |4 aut  |U MTF Materiálovotechnologická fakulta  |T MTF Ústav výrobných technológií  |X 47129  |U M3000  |Y 83  |7 47129 
242 0 1 |a The methodology of creating shank tools in system NUMROTO Plus  |y eng 
245 1 0 |a Metodika tvorby stopkových nástrojov v systéme NUMROTO Plus 
260 |c 2016 
650 4 |a CAD/CAM  |2 slo 
650 4 |a NUMROTO Plus  |2 slo 
650 4 |a brúsenie  |2 slo 
650 4 |a stopkový nástroj  |2 slo 
650 4 |a simulácia  |2 slo 
650 4 |a grinding  |2 eng 
650 4 |a NUMROTO Plus  |2 eng 
650 4 |a shank tool  |2 eng 
650 4 |a CAD/CAM  |2 eng 
650 4 |a simulation  |2 eng 
700 1 |a Buranský, Ivan  |u 063600  |k Z1  |4 ths  |U MTF Ústav výrobných technológií  |T MTF Katedra obrábania a tvárnenia  |X 4587  |U M3600  |Y 841  |7 A000004587 
856 4 |u http://is.stuba.sk/zp/portal_zp.pl?podrobnosti=120964 
996 |c M* BP-7715  |l MMSKP  |s P  |a 0  |w stuzp51068_0001 
SQL |a stuzp51068  |b DBP  |c SLO  |d Metodika tvorby stopkových nástrojov v systéme NUMROTO Plus  |e 47129  |f Tóth, Andrej  |g 063000  |h 4587  |i Buranský, Ivan  |j 20160620  |k 174  |l 06  |m http://is.stuba.sk/zp/portal_zp.pl?podrobnosti=120964  |n B-PPT  |o 5.2.51. výrobné technológie